Регионална библиотека "Любен Каравелов" - Русе

Живот по върховете (Запис номер 18936)

MARC детайли
000 -Лидер
Контролно поле с фиксирана дължина 01217nam a2200313 c 4500
003 - Код на организацията, давaща контролен номер
Контролно поле BLK
005 - Дата и час на последна редакция
Контролно поле 20250531112354.0
008 - Елементи от данни с фиксирана дължина
fixed length control field 180413b bul|||||r ||||||| ||bul||
010 ## - Наследен системен номер
LC control number KNG00021020000
040 ## - Източник на каталожния запис
Идентификатор на билиотеката - собственик на записа BLK
041 ## - Код за език
Код за езика на текст/звукозапис или на отделно заглавие Български
Код за езика КДБФ Български
080 ## - УДК
Текстов определител УДК Англоканадска литература
УДК код - определител по УДК 821.111(71)
УДК определител -31
УДК - код + определител 821.111(71)-31
100 1# - Редна дума - Автор
Автор Хейли, Артър
Авторска отговорност първи автор
R(LIN) 363375
139 ## - Редно поле
Редна дума Хейли, Артър
Авторски знак Хед - Х 38
245 10 - Сведения за заглавието
Заглавие Живот по върховете
Подзаглавни данни Роман
Редно поле (дума) Артър Хейли; прев. от англ. Димитър Пенчев Матев.
250 ## - Област на изданието
Сведения за изданието 2. изд.
257 ## - Страна на издаване
Страна на създаване/издаване Канада
-- Великобритания
260 ## - Област на издателските данни
-- София
Име на издателя, разпространителя и проч. Емас
-- Глобус
Година на издаване 1997
300 ## - Физическа характеристика
Страници 416 с.
Размери/Мащаб 20 см
380 ## - Жанр
Жанр Худож. лит.
500 ## - Общи забележки
Забележка Ориг. загл. In hing places / Arther Hailey. - 1. изд. 1992 на изд. Атлантис. - Офс. изд. - 4 000 тир.
700 1# - Други автори (авторска отговорност)
Лично име Матев, Димитър Пенчев
Автороска отговорност (Описва отношението между автора и произведението) прев. от англ.
9 (RLIN) 365327
852 ## - Местоположение
Форматна сигнатура Цб 196047
856 4# - Електронен адрес и достъп
Електронен формат pdf - файл
Път до файла /url/
856 4# - Електронен адрес и достъп
Електронен формат pdf - файл
Път до файла /url/
942 ## - АРТИКУЛИ
Вид на библиотечния материал Книги
Скрит в OPAC Не
Koha issues (borrowed), all copies 35
944 ## - СЪЗДАВАНЕ И РЕДАКЦИЯ на ЗАПИСА
Създаване/Редакция Създаване
Дата на регистрацията/редакция 15.01.2003
Статус, дата на статуса Нора Радева
Служител, извършил регистрацията/редакцията 30545
944 ## - СЪЗДАВАНЕ И РЕДАКЦИЯ на ЗАПИСА
Създаване/Редакция Редакция
Дата на регистрацията/редакция 06.06.2013
Статус, дата на статуса ф /
Служител, извършил регистрацията/редакцията
999 ## - СИСТЕМНИ КОНТРОЛНИ НОМЕРА
Koha biblionumber 18936
Koha biblioitemnumber 18936
Наличности
Код за отписване Код за изгубен артикул Източник на класификационната схема Код за повреда Коз за рестрикции Код за отдаване Артикулен № Име на библиотеката - собственик Име на библиотеката, в която се намира в момента Статус (Текущо местоположение) Дата на вписване в системата Местоположение - отдел Цена в лева Инвентарен номер Систематично азбучна сигнатура Баркод Номер на екземпляра Цена в евро Служебна бележка Служебен тип на артикула
  Не е изгубен Universal Decimal Classification Не е повреден без рестрикции ползва се в читалня 31650 Регионална библиотека "Любен Каравелов" Русе Регионална библиотека "Любен Каравелов" Русе Хранилище 2001-01-01 Хранилище 0.00 639215 Цб 196047 120000639215 1 0.00 Дост: Dp Вид: Д N: стар фонд Дата: 01.01.2001 Книги
  Не е изгубен Universal Decimal Classification Не е повреден без рестрикции заемане за дома 31651 Регионална библиотека "Любен Каравелов" Русе Регионална библиотека "Любен Каравелов" Русе Заемна - подръчен фонд 2013-04-05 Заемна - подръчен фонд 15.00 120000765644 П 820(71)-31/Х 38 120000765644 2 7.67 Дост: DA Вид: А N: 4 Дата: 05.04.2013 Дата инв: 10.03.2018 Бележки инв: П2018 Книги
  Не е изгубен Universal Decimal Classification Не е повреден без рестрикции заемане за дома 31652 Регионална библиотека "Любен Каравелов" Русе Регионална библиотека "Любен Каравелов" Русе Заемна - подръчен фонд 2013-06-06 Заемна - подръчен фонд 15.00 120000766661 П 821-31/Х 38 120000766661 3 7.67 Дост: DA Вид: А N: 12 Дата: 06.06.2013 Дата инв: 09.03.2018 Бележки инв: П2018 Книги
Vip Innovations Ltd, Rousse, Bulgaria 2025